000 00582cam a22002053a 4500
001 42756
003 PGUSA
005 20140828083952.0
008 130521s2013||||xxu|||||s|||||000 | eng d
040 _aPGUSA
_beng
042 _adc
100 1 _aDowling, Richard,
_d1846-1898
245 1 3 _aAn Isle of Surrey :
_bA Novel
_h[electronic resource] /
_cRichard Dowling
260 _bProject Gutenberg,
_c2013
506 _aPublic domain in the USA.
516 _aElectronic text
830 0 _aProject Gutenberg
_v42756
856 4 0 _uhttp://www.gutenberg.org/ebooks/42756
942 _cEB
999 _c272008
_d272008